000 00376 a2200121 4500
999 _c12245
_d12245
008 231109b ||||| |||| 00| 0 eng d
082 _a720.22
100 _aManuel Aires Mateus;
245 _aBook of models
700 _aFrancisco Aires Mateus
700 _aCamilla De Camilli (Editor) , Marco Cappelletti (Photographer), Aires Mateus & Associados (Architect)
942 _2ddc